ANALYSIS AND EVALUATION OF EXISTING ASPECTS OF OPERATIONS MANAGEMENT, LEADING TO AN UNDERUTILIZED DESIGN CAPACITY; AND APPLICATION OF APPROPRIATE TOOLS TO ENHANCE OPERATIONAL EFFICIENCY, PRODUCTION AND QUALITY MANAGEMENT/ (Record no. 617430)

000 -LEADER
fixed length control field 00679nam a22001577a 4500
003 - CONTROL NUMBER IDENTIFIER
control field NUST
038 ## - RECORD CONTENT LICENSOR
Staff Name Nusrat Nadeem
082 ## - DEWEY DECIMAL CLASSIFICATION NUMBER
Classification number 200
100 ## - MAIN ENTRY--PERSONAL NAME
Personal name Gondal, Nouman Azfar
245 ## - TITLE STATEMENT
Title ANALYSIS AND EVALUATION OF EXISTING ASPECTS OF OPERATIONS MANAGEMENT, LEADING TO AN UNDERUTILIZED DESIGN CAPACITY; AND APPLICATION OF APPROPRIATE TOOLS TO ENHANCE OPERATIONAL EFFICIENCY, PRODUCTION AND QUALITY MANAGEMENT/
Statement of responsibility, etc. Nouman Azfar Gondal,
264 ## - PRODUCTION, PUBLICATION, DISTRIBUTION, MANUFACTURE, AND COPYRIGHT NOTICE
Place of production, publication, distribution, manufacture Islamabad:
Name of producer, publisher, distributor, manufacturer NBS NUST,
Date of production, publication, distribution, manufacture, or copyright notice 2026.
650 ## - SUBJECT ADDED ENTRY--TOPICAL TERM
Topical term or geographic name entry element Executive MBA
700 ## - ADDED ENTRY--PERSONAL NAME
Personal name Supervisor: Dr. Yasmine Muhammad Javaid Iqbal
856 ## - ELECTRONIC LOCATION AND ACCESS
Uniform Resource Identifier <a href=" http://10.250.8.41:8080/xmlui/handle/123456789/57691"> http://10.250.8.41:8080/xmlui/handle/123456789/57691</a>
942 ## - ADDED ENTRY ELEMENTS (KOHA)
Source of classification or shelving scheme
Koha item type Soft Copy
Holdings
Withdrawn status Permanent Location Current Location Shelving location Date acquired Full call number Barcode Koha item type
  Central Library (CL) Central Library (CL) Thesis 05/13/2026 200 CL-T-7802 Soft Copy
© 2023 Central Library, National University of Sciences and Technology. All Rights Reserved.